W jakim języku jest napisany "poniedziałek" - Statystyki

Ogólne statystyki
  • Ten quiz został rozwiązany 34 razy
  • Średni wynik to 7 z 15
Statystyki odpowiedzi
Poniedziałek Język % Poprawnych
Monday angielski
100%
Montag niemiecki
84%
Zhōu yī chiński
68%
Ponedel'nik rosyjski
65%
Lunes hiszpański
61%
Måndag szwedzki
61%
Lunedi włoski
58%
Lundi francuski
52%
Thứ hai wietnamski
45%
Segunda-feira portugalski
42%
Getsuyōbi japoński
39%
Aliathnayn arabski
29%
Pazartesi turecki
16%
Deftéra grecki
13%
Somavaar hindi
13%
Nie znaleziono quizów pasujących do podanych kryteriów
Rozkład punktacji
Procent ludzi z każdym wynikiem
Percentyl według liczby udzielonych odpowiedzi
Twoja historia wyników
Nie rozwiązałeś tego quizu